The seals of wisdom : Fusus al hikam

Bibliographic Details
Main Author: Al Arabi, Muhiyiddin Ibn
Format: Book
Published: Malaysia : Masterpiece , 2006
Subjects:

MARC

LEADER 00000cam a2200000 7i4500
001 0000017903
005 20080604.0
008 080530
020 |a 9833710190 
090 0 0 |a 297.57   |b ARA 
100 1 |a Al Arabi, Muhiyiddin Ibn 
245 1 4 |a The seals of wisdom :   |b Fusus al hikam   |c Muhiyiddin Ibn Al Arabi 
260 |a Malaysia :   |b Masterpiece ,   |c 2006 
650 0 |a Islamic ethics 
999 |a 0001010050   |b Book   |c Adult Collection   |e Perbadanan Perpustakaan Awam Johor 
999 |a 0001010052   |b Book   |c Adult Collection   |e Cawangan Batu Pahat 
999 |a 0001010053   |b Book   |c Adult Collection   |e Perbadanan Perpustakaan Awam Johor 
999 |a 0001010054   |b Book   |c Adult Collection   |e Perbadanan Perpustakaan Awam Johor 
999 |a 0001010055   |b Book   |c Adult Collection   |e Perbadanan Perpustakaan Awam Johor 
999 |a 0001020491   |b Book   |c Adult Collection   |e Cawangan Bukit Gambir 
999 |a 0001020493   |b Book   |c Adult Collection   |e Cawangan Segamat 
999 |a 0001045152   |b Book   |c Adult Collection   |e Cawangan Tmn. Ungku Tun Aminah